| 000 | 00913nam a2200229Ia 4500 | ||
|---|---|---|---|
| 005 | 20250108125013.0 | ||
| 008 | 008 250107s9999 xx 000 0 hin d | ||
| 020 | _a978-81-7293-206-0 | ||
| 037 | _aTB | ||
| 040 |
_aCRL _bhin _cCRL |
||
| 041 |
_ahin _2hin |
||
| 084 | _aO168,1L97:g 152P6 | ||
| 084 | _qCRL | ||
| 100 |
_aसरस्वती, शंकरदेवानन्द, ले. _9169250 |
||
| 245 | 0 |
_aउच्च रक्तचाप पर योग का प्रभाव _cसरस्वती, शंकरदेवानन्द, ले. |
|
| 260 |
_aबिहार, भारत _bयोग पब्लिकेशन्स ट्रस्ट _c2972 |
||
| 300 | _a228पृ0 | ||
| 365 |
_aINR _b400 |
||
| 650 | _aआध्यात्मिक अनुभव और रहस्यवाद | ||
| 942 |
_cTB _hO168,1L97:g 152P6 |
||
| 999 |
_c1235360 _d1235360 |
||